Годишник на Софийский университет "Св. Климент Охридски". Факултет по славянски филологии= Annual of Sofia University "St. Kliment Ohridski", Faculty of Slavic Studies. (Record no. 338618)
[ view plain ]
| 000 -LEADER | |
|---|---|
| fixed length control field | 01845nam a2200349 a 4500 |
| 001 - CONTROL NUMBER | |
| control field | 001033149 |
| 003 - CONTROL NUMBER IDENTIFIER | |
| control field | AM-YeHGA |
| 005 - DATE AND TIME OF LATEST TRANSACTION | |
| control field | 20250617150813.0 |
| 008 - FIXED-LENGTH DATA ELEMENTS--GENERAL INFORMATION | |
| fixed length control field | 140807s2013 bu r 000 0 bul d |
| 022 ## - INTERNATIONAL STANDARD SERIAL NUMBER | |
| International Standard Serial Number | 1314-9989 |
| 040 ## - CATALOGING SOURCE | |
| Original cataloging agency | AM-YeHGA |
| 041 0# - LANGUAGE CODE | |
| Language code of text/sound track or separate title | bul |
| Language code of summary or abstract | eng |
| 090 ## - LOCALLY ASSIGNED LC-TYPE CALL NUMBER (OCLC); LOCAL CALL NUMBER (RLIN) | |
| -- | 340398 |
| 210 0# - ABBREVIATED TITLE | |
| Abbreviated title | Год. Софий. ун- т "Св. Климент Охридски",Фак. по славянски филологии |
| 222 #4 - KEY TITLE | |
| Key title | Годишник на Софийский университет "Св. Климент Охридски". Факултет по славянски филологии |
| 245 00 - TITLE STATEMENT | |
| Title | Годишник на Софийский университет "Св. Климент Охридски". Факултет по славянски филологии= Annual of Sofia University "St. Kliment Ohridski", Faculty of Slavic Studies. |
| 246 30 - VARYING FORM OF TITLE | |
| Title proper/short title | Факултет по славянски филологии |
| 246 30 - VARYING FORM OF TITLE | |
| Title proper/short title | Faculty of Slavic Studies |
| 246 31 - VARYING FORM OF TITLE | |
| Title proper/short title | Annual of Sofia University "St. Kliment Ohridski". |
| Name of part/section of a work | Faculty of Slavic Studies |
| 260 ## - PUBLICATION, DISTRIBUTION, ETC. | |
| Place of publication, distribution, etc. | София = |
| -- | Sofia : |
| Name of publisher, distributor, etc. | Университетско из-во "Св. Климент Охридски" = |
| -- | St. Kliment Ohridski University Press, |
| Date of publication, distribution, etc. | 2013. |
| 300 ## - PHYSICAL DESCRIPTION | |
| Extent | v. : |
| Other physical details | ill. |
| 310 ## - CURRENT PUBLICATION FREQUENCY | |
| Current publication frequency | Annual |
| 362 0# - DATES OF PUBLICATION AND/OR SEQUENTIAL DESIGNATION | |
| Dates of publication and/or sequential designation | T. 98(2013-) |
| 500 ## - GENERAL NOTE | |
| General note | Description based on : T. 98 (2013) |
| 504 ## - BIBLIOGRAPHY, ETC. NOTE | |
| Bibliography, etc. note | Includes bibliogr. references |
| 650 04 - SUBJECT ADDED ENTRY--TOPICAL TERM | |
| Topical term or geographic name entry element | Ամսագիր |
| 650 14 - SUBJECT ADDED ENTRY--TOPICAL TERM | |
| Topical term or geographic name entry element | Philology |
| Form subdivision | Periodicals |
| 710 2# - ADDED ENTRY--CORPORATE NAME | |
| Corporate name or jurisdiction name as entry element | Софийский университет "Св. Климент Охридски" = |
| 710 2# - ADDED ENTRY--CORPORATE NAME | |
| Corporate name or jurisdiction name as entry element | Sofia University "St. Kliment Ohridski" |
| 780 01 - PRECEDING ENTRY | |
| Main entry heading | Годишник на Софийский университет "Св. Климент Охридски". Факултет по славянски филологии |
| 942 ## - ADDED ENTRY ELEMENTS (KOHA) | |
| Source of classification or shelving scheme | Universal Decimal Classification |
| Koha item type | Շարունակական պաշար / Continuing Resource |
| Withdrawn status | Lost status | Damaged status | Not for loan | Collection | Home library | Current library | Date acquired | Serial enumeration / chronology | Total checkouts | Full call number | Barcode | Date last seen | Price effective from | Koha item type | Public note | Cost, normal purchase price | Source of classification or shelving scheme |
|---|---|---|---|---|---|---|---|---|---|---|---|---|---|---|---|---|---|
| General | Fundamental Scientific Library | Fundamental Scientific Library | 09/01/2017 | 2013, T. 98 | ПИ 1028/98 | FL0282250 | 09/01/2017 | 09/01/2017 | Շարունակական պաշար / Continuing Resource | 30 Days Loan | |||||||
| General | Fundamental Scientific Library | Fundamental Scientific Library | 09/01/2017 | 2014, T. 99 | ПИ 1028/99 | FL0364509 | 09/01/2017 | 09/01/2017 | Շարունակական պաշար / Continuing Resource | 30 Days Loan | 3000.00 | ||||||
| General | Fundamental Scientific Library | Fundamental Scientific Library | 24/07/2017 | 2015, Т. 100 | ПИ 1028/100 | FL0451073 | 24/07/2017 | 24/07/2017 | Շարունակական պաշար / Continuing Resource | 30 Days Loan | Universal Decimal Classification | ||||||
| General | Fundamental Scientific Library | Fundamental Scientific Library | 24/07/2017 | 2016, Т. 101 | ПИ 355/101 | FL0451074 | 24/07/2017 | 24/07/2017 | Շարունակական պաշար / Continuing Resource | 30 Days Loan | Universal Decimal Classification |
ՀՀ Գիտությունների ազգային ակադեմիայի հիմնարար գիտական գրադարան = Fundamental Scientific Library of NAS RA
All site content, except where otherwise noted, is licensed under a